LIBRARY ONLINE CATALOGUE

The Art of effective letter writing. (Record no. 7180)

MARC details
000 -LEADER
fixed length control field 00540nam a22001932 4500
001 - CONTROL NUMBER
control field 0000006074
005 - DATE AND TIME OF LATEST TRANSACTION
control field 20151217152012.0
008 - FIXED-LENGTH DATA ELEMENTS--GENERAL INFORMATION
fixed length control field 070913s xx 000 0 eng d
020 ## - INTERNATIONAL STANDARD BOOK NUMBER
International Standard Book Number 8189093932 :
Terms of availability KES 230
040 ## - CATALOGING SOURCE
Original cataloging agency KABU
Transcribing agency KABU
100 1# - MAIN ENTRY--PERSONAL NAME
Personal name Hills, Robert.
-- 0000157448
245 14 - TITLE STATEMENT
Title The Art of effective letter writing.
260 ## - PUBLICATION, DISTRIBUTION, ETC. (IMPRINT)
Place of publication, distribution, etc. New Delhi :
Name of publisher, distributor, etc. Locus Press,
Date of publication, distribution, etc. 2005.
300 ## - PHYSICAL DESCRIPTION
Extent vii, 192 p.
650 #0 - SUBJECT ADDED ENTRY--TOPICAL TERM
Topical term or geographic name as entry element Letter writing.
-- 0000157449
908 ## - PUT COMMAND PARAMETER (RLIN)
Put command parameter 070913
950 ## - LOCAL HOLDINGS (RLIN)
-- 1
Holdings
Withdrawn status Lost status Source of classification or shelving scheme Not for loan Home library Current library Date acquired Total Checkouts Full call number Barcode Date last seen Price effective from Koha item type
    Library of Congress Classification   Kabarak, Main Campus Kabarak, Main Campus 17/12/2015   PE1483 .H55 010509 17/12/2015 17/12/2015 General Collection